Music Quiz

Random Music or Rap Quiz

Eric B. & Rakim, Paid In Full Quiz Stats

Quiz not verified by Sporcle

Challenge
Share
Tweet
Embed
Score 0/10 Timer 04:00
0 Plays Today
Track # Track % Correct
6Paid In Full
77.8%
5Move The Crowd
55.6%
9Eric B. Is President
55.6%
2Eric B. Is On The Cut
44.4%
3My Melody
44.4%
4I Know You Got Soul
44.4%
1I Ain`t No Joke
33.3%
8Chinese Arithmetic
33.3%
7As The Rhyme Goes On
11.1%
10Extended Beat
11.1%

You're not logged in!

Compare scores with friends on all Sporcle quizzes.
Sign Up with Email
OR
Log In

You Might Also Like...

Show Comments

Extras

Top Quizzes Today


Score Distribution

Your Account Isn't Verified!

In order to create a playlist on Sporcle, you need to verify the email address you used during registration. Go to your Sporcle Settings to finish the process.

Report this User

Report this user for behavior that violates our Community Guidelines.

Details: